Breuer v Leccacorvi (Record no. 121794)

MARC details
000 -LEADER
fixed length control field 01400cab a22002295a 4500
008 - FIXED-LENGTH DATA ELEMENTS--GENERAL INFORMATION
fixed length control field 240206e20140211xxk f 000 0 eng d
041 0# - LANGUAGE CODE
Language code of text/sound track or separate title eng
100 1# - MAIN ENTRY--PERSONAL NAME
Personal name O'Grady, Eileen
245 00 - TITLE STATEMENT
Title Breuer v Leccacorvi
260 ## - PUBLICATION, DISTRIBUTION, ETC.
Date of publication, distribution, etc. 11 February 2014,
Place of publication, distribution, etc. Central London County Court
490 ## - SERIES STATEMENT
Series statement Estates Gazette
Volume/sequential designation 22 May 2014
490 ## - SERIES STATEMENT
Volume/sequential designation [2014] PLSCS 159
520 ## - SUMMARY, ETC.
Summary, etc. [2014] PLSCS 159. 11 February 2014. Judge Taylor in the Central London County Court. Party wall – Award – Measure of compensation – Section 7(2) of the Party Wall etc Act 1996 – Parties’ surveyors agreeing award under 1996 Act – Addendum award made following resolution of dispute about remedial works by third surveyor – Whether respondent intending to sell property at date of addendum award – Whether amount payable by appellant assessable by reference to diminution in value of respondent’s property or cost of carrying out work – Whether appeal brought out of time – Appeal allowed
650 24 - SUBJECT ADDED ENTRY--TOPICAL TERM
Topical term or geographic name entry element Breuer v Leccacorvi
650 24 - SUBJECT ADDED ENTRY--TOPICAL TERM
Topical term or geographic name entry element NEIGHBOUR DISPUTES
650 24 - SUBJECT ADDED ENTRY--TOPICAL TERM
Topical term or geographic name entry element PARTY WALL ETC ACT 1996
651 #4 - SUBJECT ADDED ENTRY--GEOGRAPHIC NAME
Geographic name United Kingdom
690 ## - LOCAL SUBJECT ADDED ENTRY--TOPICAL TERM (OCLC, RLIN)
Topical term or geographic name as entry element Party walls
9 (RLIN) 6258
856 ## - ELECTRONIC LOCATION AND ACCESS
Uniform Resource Identifier <a href="https://www.egi.co.uk/legal/breuer-v-leccacorvi-1/">https://www.egi.co.uk/legal/breuer-v-leccacorvi-1/</a>
Public note Summary available from EGi (subscription required)
856 ## - ELECTRONIC LOCATION AND ACCESS
Uniform Resource Identifier <a href="https://www.egi.co.uk/legal/breuer-v-leccacorvi/">https://www.egi.co.uk/legal/breuer-v-leccacorvi/</a>
Public note Transcript available from EGi (subscription required)
942 ## - ADDED ENTRY ELEMENTS (KOHA)
Suppress in OPAC 0
Holdings
Withdrawn status Lost status Damaged status Not for loan Home library Current library Shelving location Date acquired Total Checkouts Date last seen Price effective from Koha item type Public note
        Virtual Virtual Online 06/02/2024   06/02/2024 06/02/2024 Law report Available with a subscription to Estates Gazette Interactive